[Event "HUN-ch U18"]
[Site "Balatonlelle"]
[Date "2018.06.28"]
[Round "9"]
[White "Divald, Tamas"]
[Black "Buzas, Bertalan"]
[Result "0-1"]
[WhiteElo "2001"]
[BlackElo "2196"]
[PlyCount "128"]
[EventDate "2018.06.21"]
[EventType "swiss"]
[EventRounds "9"]
[EventCountry "HUN"]
[SourceTitle "EXT 2019"]
[Source "ChessBase"]
[SourceDate "2018.10.10"]
[SourceVersion "1"]
[SourceVersionDate "2018.10.10"]
[SourceQuality "1"]

1. Nf3 g6 2. c4 Bg7 3. g3 c5 4. Nc3 Nc6 5. Bg2 e6 6. d3 Nge7 7. Bg5 h6 8. Bd2 d6 9. Rb1 b6 10. a3 Bb7 11. 0-0 0-0 12. Qc1 Kh7 13. b4 Qd7 14. bxc5 dxc5 15. h4 Rfd8 16. Nd1 Nd4 17. Nxd4 Bxg2 18. Kxg2 cxd4 19. Rb3 e5 20. f3 Nf5 21. Nf2 Nd6 22. Ng4 h5 23. Nf2 Rac8 24. Qa1 Nb7 25. Ne4 f5 26. Ng5+ Kg8 27. Bb4 Bh6 28. Nh3 Re8 29. Nf2 Rc6 30. Rfb1 Kh7 31. a4 Bf8 32. Bxf8 Rxf8 33. Rb5 Qc7 34. Qa3 Re8 35. Nh3 Qd6 36. Ng5+ Kg7 37. Qxd6 Rxd6 38. a5 Nxa5 39. c5 Rc6 40. cxb6 axb6 41. Rxb6 Rxb6 42. Rxb6 Re7 43. Kf2 Nb7 44. Ke1 Nd8 45. Kd2 Nf7 46. Nxf7 Kxf7 47. Rd6 Rb7 48. Kc2 Rc7+ 49. Kb2 Rc8 50. Rb6 Rg8 51. Kb3 Rc8 52. Kb2 Re8 53. Kb3 e4 54. dxe4 fxe4 55. Kc4 d3 56. exd3 exf3 57. Rb1 g5 58. hxg5 Kg6 59. Rf1 Rf8 60. Kd4 Kxg5 61. Ke3 Kg4 62. Kf2 Ra8 63. Rg1 Ra2+ 64. Kf1 f2 0-1

[Event "HUN-chT2 Maroczy 1718"]
[Site "Hungary"]
[Date "2017.10.29"]
[Round "1.11"]
[White "Papp Zoltan, Csaba"]
[Black "Divald, Tamas"]
[Result "1-0"]
[WhiteElo "2217"]
[BlackElo "2112"]
[PlyCount "57"]
[EventDate "2017.10.29"]
[EventType "team-tourn"]
[EventRounds "9"]
[EventCountry "HUN"]
[SourceTitle "EXT 2021"]
[Source "ChessBase"]
[SourceDate "2020.10.23"]
[SourceVersion "1"]
[SourceVersionDate "2020.10.23"]
[SourceQuality "1"]
[WhiteTeam "Szeged Maroczy"]
[BlackTeam "Toth Laszlo"]
[WhiteTeamCountry "HUN"]
[BlackTeamCountry "HUN"]

1. e4 e5 2. Nf3 Nc6 3. d4 exd4 4. Bc4 Bc5 5. Ng5 Nh6 6. Nxf7 Nxf7 7. Bxf7+ Kxf7 8. Qh5+ g6 9. Qxc5 d6 10. Qa3 Re8 11. 0-0 Rxe4 12. Qf3+ Bf5 13. Qb3+ Be6 14. Qxb7 Bd5 15. Qb5 Re5 16. Qa4 Qh4 17. b3 Qe4 18. f3 Qf5 19. c4 dxc3 20. Nxc3 Qe6 21. Bf4 Rf5 22. Rfe1 Ne5 23. Bxe5 Rxe5 24. Qf4+ Kg7 25. Qd4 c5 26. Rxe5 cxd4 27. Rxe6 Bxe6 28. Nb5 d3 29. Nc7 1-0

[Event "HUN-chT2 Toth 1718"]
[Site "Hungary"]
[Date "2017.09.24"]
[Round "1.3"]
[White "Divald, Tamas"]
[Black "Horvath, Jozsef2222"]
[Result "0-1"]
[WhiteElo "2061"]
[BlackElo "2083"]
[PlyCount "77"]
[EventDate "2017.09.24"]
[EventType "team-tourn"]
[EventRounds "11"]
[EventCountry "HUN"]
[SourceTitle "EXT 2021"]
[Source "ChessBase"]
[SourceDate "2020.10.23"]
[SourceVersion "1"]
[SourceVersionDate "2020.10.23"]
[SourceQuality "1"]
[WhiteTeam "Kecskemet Toth Laszlo II"]
[BlackTeam "Kecskemet Takisz"]
[WhiteTeamCountry "HUN"]
[BlackTeamCountry "HUN"]

1. Nf3 d5 2. c4 dxc4 3. Na3 c6 4. Nxc4 b5 5. Nce5 f6 6. Nd3 e5 7. e4 Be6 8. Qc2 Qb6 9. b4 a5 10. Nc5 Bg4 11. Ba3 Na6 12. bxa5 Qxa5 13. Nxa6 Rxa6 14. Bxf8 Kxf8 15. Be2 Qa4 16. Qc5+ Ne7 17. Qd6 Kf7 18. 0-0 Bxf3 19. Bxf3 Qd4 20. Qxd4 exd4 21. Rfc1 Rha8 22. Bd1 Ke6 23. Bb3+ Kd6 24. f4 Ra3 25. Kf2 c5 26. d3 Ng6 27. g3 Ne7 28. Rab1 R8a5 29. e5+ fxe5 30. fxe5+ Kc6 31. Re1 Ra7 32. Kf3 Nd5 33. Bxd5+ Kxd5 34. Rxb5 Rxd3+ 35. Kf4 Rf7+ 36. Kg4 Re3 37. Rxe3 dxe3 38. Rb3 Ke4 39. e6 0-1

[Event "Puspokladany Arnoth Memorial 10th"]
[Site "Puspokladany"]
[Date "2017.07.30"]
[Round "9"]
[White "Divald, Tamas"]
[Black "Samu, Sorin Mihai"]
[Result "0-1"]
[WhiteElo "2041"]
[BlackElo "2057"]
[PlyCount "74"]
[EventDate "2017.07.26"]
[EventType "swiss"]
[EventRounds "9"]
[EventCountry "HUN"]
[SourceTitle "EXT 2019"]
[Source "ChessBase"]
[SourceDate "2018.10.10"]
[SourceVersion "1"]
[SourceVersionDate "2018.10.10"]
[SourceQuality "1"]

1. Nf3 g6 2. c4 Bg7 3. g3 Nf6 4. Bg2 0-0 5. Nc3 c6 6. b3 Na6 7. Bb2 d5 8. d3 d4 9. Nb1 Ng4 10. 0-0 e5 11. Nbd2 f5 12. a3 Nc5 13. b4 Ne6 14. c5 Ng5 15. Nc4 Be6 16. Qc2 Nf7 17. h3 Ngh6 18. Nfd2 Bd5 19. a4 Rc8 20. Rab1 Qd7 21. Ba3 Ng5 22. f3 Nhf7 23. b5 h5 24. Na5 Ne6 25. bxc6 bxc6 26. Rb7 Qd8 27. Rxa7 Qg5 28. Ndc4 Qxg3 29. e4 dxe3 30. Nxe3 Nd4 31. Qd1 Ng5 32. Nxd5 cxd5 33. Kh1 Nxh3 34. Qe1 Qxe1 35. Rxe1 Nf2+ 36. Kg1 Nxd3 37. Rb1 e4 0-1

[Event "Puspokladany Arnoth Memorial 10th"]
[Site "Puspokladany"]
[Date "2017.07.29"]
[Round "6"]
[White "Szabo, Istvan1111"]
[Black "Divald, Tamas"]
[Result "0-1"]
[WhiteElo "1901"]
[BlackElo "2041"]
[PlyCount "105"]
[EventDate "2017.07.26"]
[EventType "swiss"]
[EventRounds "9"]
[EventCountry "HUN"]
[SourceTitle "EXT 2019"]
[Source "ChessBase"]
[SourceDate "2018.10.10"]
[SourceVersion "1"]
[SourceVersionDate "2018.10.10"]
[SourceQuality "1"]

1. c4 Nf6 2. Nc3 c5 3. g3 e6 4. Bg2 Be7 5. d3 Nc6 6. e3 a6 7. Nge2 0-0 8. 0-0 Rb8 9. d4 d6 10. d5 Ne5 11. b3 b5 12. f4 Ng6 13. Qd3 bxc4 14. bxc4 Re8 15. Bd2 Qc7 16. Rfb1 Bd7 17. Rxb8 Rxb8 18. Rb1 Rb6 19. Qc2 Qb8 20. Rxb6 Qxb6 21. Qb3 Bd8 22. Qxb6 Bxb6 23. Ne4 Ne8 24. N2c3 Ne7 25. Bf3 exd5 26. Nxd5 Nxd5 27. cxd5 f5 28. Nc3 Kf7 29. Be2 Nc7 30. Kf2 Ba5 31. Kf3 Bxc3 32. Bxc3 Nxd5 33. Bc4 Be6 34. Bb2 Nb4 35. Bxe6+ Kxe6 36. a3 Nc6 37. Bxg7 d5 38. Bf8 Ne7 39. g4 fxg4+ 40. Kxg4 a5 41. Kf3 c4 42. e4 d4 43. Bg7 Nc6 44. f5+ Kf7 45. Bh6 Ne5+ 46. Ke2 c3 47. Bf4 d3+ 48. Kd1 Nc4 49. e5 d2 50. e6+ Ke8 51. Kc2 Nxa3+ 52. Kd1 Nc4 53. f6 0-1

[Event "HUN-chT2 Toth 1617"]
[Site "Hungary"]
[Date "2016.09.25"]
[Round "1.9"]
[White "Pinczes, Gyula"]
[Black "Divald, Tamas"]
[Result "0-1"]
[WhiteElo "1813"]
[BlackElo "1909"]
[PlyCount "62"]
[EventDate "2016.09.25"]
[EventType "team-tourn"]
[EventRounds "11"]
[EventCountry "HUN"]
[SourceTitle "EXT 2021"]
[Source "ChessBase"]
[SourceDate "2020.10.23"]
[SourceVersion "1"]
[SourceVersionDate "2020.10.23"]
[SourceQuality "1"]
[WhiteTeam "Nadudvar"]
[BlackTeam "Kecskemet Toth Laszlo II"]
[WhiteTeamCountry "HUN"]
[BlackTeamCountry "HUN"]

1. d4 Nf6 2. Nf3 c5 3. c3 g6 4. g3 Bg7 5. Bg2 0-0 6. 0-0 d6 7. dxc5 dxc5 8. Be3 Qc7 9. Bf4 Qa5 10. Na3 Be6 11. Ng5 Rd8 12. Qc1 Bd5 13. e4 Bc6 14. Nc4 Qa6 15. Ne5 Be8 16. Rd1 Nc6 17. Qc2 Nxe5 18. Bxe5 Bb5 19. c4 Bc6 20. a3 b6 21. Bc7 Rxd1+ 22. Rxd1 Qb7 23. Be5 Nxe4 24. Bxg7 Nxg5 25. Bh6 Ne6 26. Be3 Bxg2 27. Qa4 Bh3 28. Rd5 Nc7 29. Qb3 Nxd5 30. Bxc5 Ne3 31. Bxe3 Qg2# 0-1

[Event "HUN-chT2 Toth 1516"]
[Site "Hungary"]
[Date "2015.09.13"]
[Round "1.1"]
[White "Divald, Tamas"]
[Black "Hideg, Gergo Benedek"]
[Result "1/2-1/2"]
[WhiteElo "1771"]
[BlackElo "1390"]
[PlyCount "102"]
[EventDate "2015.09.13"]
[EventType "team-tourn"]
[EventRounds "11"]
[EventCountry "HUN"]
[SourceTitle "EXT 2017"]
[Source "ChessBase"]
[SourceDate "2016.10.25"]
[SourceVersion "1"]
[SourceVersionDate "2016.10.25"]
[SourceQuality "1"]
[WhiteTeam "Toth Laszlo II"]
[BlackTeam "Felegyhaza Csongrad"]
[WhiteTeamCountry "HUN"]
[BlackTeamCountry "HUN"]

1. d4 f5 2. Nc3 g6 3. e4 d6 4. Nf3 Nc6 5. Bd3 e6 6. Bf4 Bg7 7. Ne2 Nge7 8. c3 d5 9. e5 b6 10. Qd2 Bb7 11. Bh6 Bxh6 12. Qxh6 Qd7 13. b4 0-0-0 14. a4 Nb8 15. Qd2 a6 16. a5 b5 17. Ng5 Nec6 18. f4 Rde8 19. Nc1 Qe7 20. Nb3 Nd7 21. Be2 h5 22. h3 Nd8 23. 0-0-0 Nf7 24. Nxf7 Qxf7 25. g4 hxg4 26. hxg4 Reg8 27. g5 Qg7 28. Bf3 Rxh1 29. Rxh1 Rh8 30. Qg2 Kd8 31. Rh3 Ke7 32. Nd2 Rxh3 33. Qxh3 c6 34. Bg2 Kf7 35. Nf3 Nf8 36. Ne1 Kg8 37. Nd3 Nd7 38. Kd2 Qh7 39. Qxh7+ Kxh7 40. Kc2 Kg7 41. Nc5 Nxc5 42. dxc5 Kf7 43. Kd3 Ke7 44. Kd4 Kf7 45. Bf1 Ke7 46. Be2 Kf7 47. Ke3 Bc8 48. Kf3 Ke7 49. Kg3 Kf7 50. Kh4 Kg8 51. Bf3 Kf7 1/2-1/2